[Event "RUS-Cup"]
[Site "Krasnoiarsk"]
[Date "1998.??.??"]
[Round "1"]
[White "Pigusov, Evgeny"]
[Black "Beshukov, Sergei"]
[Result "1/2-1/2"]
[WhiteElo "2575"]
[BlackElo "2405"]

1.Nf3 d5 2.g3 c6 3.Bg2 Nd7 4.d4 Ngf6 5.O-O e6 6.c4 Be7 7.Nc3 dxc4 8.a4 O-O
9.e4 e5 10.d5 Bb4 11.Nd2 cxd5 12.exd5 Nb6 13.a5 Bxc3 14.bxc3 Nbxd5 15.Ba3 Nxc3
16.Qe1 Re8 17.Nxc4 Nb5 18.Bc5 e4 19.Qb4 Bd7 20.Rfd1 Qc7 21.Rac1 Bc6 22.Bh3 e3
23.Bxe3 Qe7 24.Qxe7 Rxe7 25.Bg5  1/2-1/2

[Event "RUS-Cup"]
[Site "Krasnoiarsk"]
[Date "1998.??.??"]
[Round "5"]
[White "Filippov, Valerij"]
[Black "Burmakin, Vladimir"]
[Result "1-0"]
[WhiteElo "2595"]
[BlackElo "2550"]

1.Nf3 d5 2.g3 c6 3.Bg2 Bg4 4.c4 e6 5.cxd5 Bxf3 6.Bxf3 cxd5 7.Qb3 Qd7 8.Nc3 Nc6
9.Bg2 Nf6 10.O-O Be7 11.d3 O-O 12.e4 Rfd8 13.Bg5 Nd4 14.Qd1 dxe4 15.dxe4 e5
16.f4 Ne8 17.Bxe7 Qxe7 18.Nd5 Qd6 19.Qh5 exf4 20.e5 Qc5 21.b4 Nf3+ 22.Kh1 Qxd5
23.gxf4 Rac8 24.Rxf3 Rc2 25.Rg1 Nf6 26.Qh4 Ne4 27.h3 Qd4 28.Kh2 Rxa2 29.Rc1 g5
30.Qe1 Nf2  1-0

[Event "RUS-Cup"]
[Site "Krasnoiarsk"]
[Date "1998.??.??"]
[Round "7"]
[White "Lependin, V."]
[Black "Ivanov, Timur"]
[Result "0-1"]
[WhiteElo "2395"]
[BlackElo "2380"]

1.Nf3 d5 2.g3 c6 3.Bg2 Bg4 4.O-O Nd7 5.c4 e6 6.d3 Ngf6 7.cxd5 cxd5 8.a3 Bc5
9.b4 Bb6 10.Nc3 O-O 11.Qb3 Rc8 12.Bb2 a6 13.h3 Bxf3 14.Bxf3 Ne5 15.Bg2 Nc6
16.Rac1 Nd4 17.Qd1 Qd6 18.e3 Nf5 19.Na4 Nxe3 20.fxe3 Bxe3+ 21.Kh2 Bxc1 22.Bxc1 Nd7
23.Bb2 e5 24.Qb3 b5 25.Nc3 d4 26.Ne4 Qe7 27.g4 Qe6 28.Qd1 f6 29.Rf2 g6 30.Bc1 f5
31.gxf5 gxf5 32.Ng5 Qe7 33.Bd5+ Kh8 34.Bb3 f4 35.Nf3 Rc6 36.Bb2 Rg6 37.Re2 Qg7
38.Qe1 Rg3 39.Qf2 h6 40.Re1 Rf5 41.Rg1 Nf6 42.Be6 Qg4 43.Qf1 Rh5 44.Bxg4 Nxg4+
45.Kh1 Rhxh3+ 46.Qxh3 Rxh3+ 47.Kg2 Rg3+  0-1

[Event "RUS-Cup"]
[Site "Krasnoiarsk"]
[Date "1998.??.??"]
[Round "9"]
[White "Pigusov, Evgeny"]
[Black "Burmakin, Vladimir"]
[Result "1/2-1/2"]
[WhiteElo "2575"]
[BlackElo "2550"]

1.Nf3 d5 2.g3 Bg4 3.Bg2 c6 4.c4 e6 5.cxd5 exd5 6.Qb3 Qb6 7.Qc2 Nf6 8.O-O Be7
9.d3 O-O 10.Nc3 Bxf3 11.Bxf3 d4 12.Na4 Qb5 13.e4 dxe3 14.fxe3 Na6 15.d4 Nb4
16.Qd1 Rad8  1/2-1/2

[Event "RUS-Cup"]
[Site "Krasnoiarsk"]
[Date "1998.??.??"]
[Round "9"]
[White "Lependin, V."]
[Black "Vnukov, Anatolij"]
[Result "1/2-1/2"]
[WhiteElo "2395"]
[BlackElo "2320"]

1.Nf3 d5 2.g3 c6 3.Bg2 Bg4 4.O-O Nd7 5.d3 Ngf6 6.c4 e6 7.cxd5 exd5 8.Qb3 Qb6
9.Qc2 Be7 10.Nc3 O-O 11.e4 dxe4 12.dxe4 Rfe8 13.Nh4 Bf8 14.h3 Be6 15.Be3 Qa5
16.Rfe1 Rad8 17.a3 Ne5 18.b4 Qa6 19.Bf1 Bc4  1/2-1/2

[Event "Kstovo (Women)"]
[Site "Kstovo"]
[Date "1998.??.??"]
[Round "?"]
[White "Eidelson, Rakhil"]
[Black "Zaitseva, Ludmila G"]
[Result "1/2-1/2"]
[WhiteElo "2325"]
[BlackElo "2370"]

1.Nf3 d5 2.g3 c6 3.Bg2 Bg4 4.O-O Nd7 5.d3 e6 6.e4 Bd6 7.Qe1 Bxf3 8.Bxf3 Ne7
9.Bg2 O-O 10.c4 dxc4 11.dxc4 Bc5 12.Qe2 e5 13.Nc3 Qc7 14.Be3 Bxe3 15.Qxe3 Qb6
16.Qxb6 axb6 17.Rfd1 Rfd8 18.Rd2 Nf8 19.Rad1 Rxd2 20.Rxd2 Neg6 21.Bh3 f6
22.b3 Kf7 23.Na4 Ra6 24.Rd8 b5 25.cxb5 cxb5 26.Nc3 b4 27.Na4 Rc6 28.Rb8 Rc7
29.Nb6 Ne7 30.Bf1 Nd7 31.Nxd7 Rxd7 32.Bc4+ Kg6 33.Ra8 f5 34.exf5+ Kxf5 35.Ra5 Ke4
36.Kg2 Nc6 37.Rb5 Kd4 38.Be6 Re7 39.Bc8 Kc3 40.Bxb7 Nd4 41.Rb6 e4 42.Bd5 Re5
43.Bg8 h6 44.Rb7 g5 45.Rc7+ Kd3 46.Bh7 g4 47.h3 gxh3+ 48.Kxh3 Ne6 49.Rb7 Ng5+
50.Kg2 Kc3 51.Bg6 Re6 52.Bf5 Re5 53.Bg6 Re6 54.Bf5 Ra6 55.Rc7+ Kd4 56.Rc4+ Ke5
57.Bg4 Rxa2 58.Kf1 Nf3 59.Bxf3 exf3 60.Kg1 Ra1+ 61.Kh2 Ra2 62.Kg1 Ra1+ 63.Kh2 Ra2  1/2-1/2

[Event "Lahti We LahS"]
[Site "Lahti"]
[Date "1998.??.??"]
[Round "2"]
[White "Aijala, Jouko"]
[Black "Maidla, Vallo"]
[Result "1/2-1/2"]
[WhiteElo "2170"]
[BlackElo "2365"]

1.Nf3 d5 2.g3 c6 3.Bg2 Bg4 4.d3 Nd7 5.Nbd2 Ngf6 6.h3 Bh5 7.g4 Bg6 8.Nh4 e6
9.Nxg6 hxg6 10.e4 Bc5 11.Qe2 Qc7 12.Nb3 dxe4 13.dxe4 Bd6 14.Be3 Bf4 15.O-O-O g5
16.Kb1 Bxe3 17.Qxe3 Qf4 18.Qxf4 gxf4 19.Rhe1 O-O-O 20.e5 Nd5 21.Nd2 Kc7 22.Nf3 Ne7
23.Rd4 Ng6 24.c3 c5 25.Rde4 Nb6 26.Bf1 a6 27.Kc2 Rd7 28.Rd1 Nd5 29.a3 Kd8
30.Ng5 Ke7 31.Bd3 Rhd8 32.Ree1 Nh4 33.Be4 b6 34.Rd3 b5 35.Red1 a5 36.b3 b4
37.axb4 axb4 38.Bxd5 exd5 39.cxb4 cxb4 40.Kb2 Ng6 41.Re1 Ra7 42.Rd4 Rb8 43.Rxd5 Rba8
44.Kc2 Ra2+ 45.Kd3 Rc8 46.Ne4 Rb2 47.Nc5 Rxf2 48.e6 Rf3+ 49.Kc4 Nf8 50.exf7+ Kxf7
51.Kxb4  1/2-1/2

[Event "Le Touquet op"]
[Site "Le Touquet"]
[Date "1998.??.??"]
[Round "6"]
[White "Minet, Steve"]
[Black "Voiska, Margarita"]
[Result "1/2-1/2"]
[WhiteElo "2080"]
[BlackElo "2335"]

1.Nf3 d5 2.g3 Bg4 3.Bg2 Nd7 4.d4 e6 5.O-O Bd6 6.c4 c6 7.b3 f5 8.Bb2 Ngf6
9.Ne5 O-O 10.Nd2 Bh5 11.Qe1 Qe7 12.f4 a5 13.a3 Ne4 14.Bf3 Nxd2 15.Qxd2 Bxf3
16.exf3 Bxe5 17.fxe5 f4 18.cxd5 cxd5 19.a4 Qg5 20.Kg2 Rf7 21.Ba3 Nf8 22.Bxf8 Raxf8
23.Rac1 h5 24.Rc2 Qg6 25.Rc3 Rf5 26.Qc2 Qg5 27.Rc8 fxg3 28.Rxf8+ Rxf8 29.hxg3 h4
30.g4 Qf4 31.Qf2 g5 32.Qc2 Kg7 33.Qc7+ Rf7 34.Qd8 Qg3+ 35.Kh1 Qh3+ 36.Kg1 Qg3+  1/2-1/2

[Event "BEL-ch"]
[Site "Liege"]
[Date "1998.??.??"]
[Round "5"]
[White "Vanderwaeren, Serge"]
[Black "Mohandesi, Shahin"]
[Result "1/2-1/2"]
[WhiteElo "2320"]
[BlackElo "2285"]

1.Nf3 d5 2.g3 Nf6 3.Bg2 c6 4.c4 Bg4 5.Ne5 Bh5 6.cxd5 Nxd5 7.Nc3 e6 8.O-O Nd7
9.Nxd7 Qxd7 10.d4 Be7 11.Ne4 O-O 12.Bg5 Bxg5 13.Nxg5 Nf6 14.Nf3 Rfd8 15.Qb3 Qc7
16.e3 Qb6 17.Qa3 Nd5 18.Ne5 Qb4 19.Qxb4 Nxb4 20.a3 Nd5 21.g4 Bg6 22.Nxg6 hxg6
23.Rfc1 a5 24.Rab1 Ra6 25.b4 axb4 26.axb4 Rb6 27.b5 cxb5 28.Bxd5 Rxd5 29.Rc8+ Kh7
30.Rb4 Rc6 31.Rb8 b6 32.e4 Rd7 33.g5 Rcd6 34.Rxb5 Rxd4 35.Rb3 Rd8 36.Rxd8 Rxd8
37.Rxb6 Rd4 38.f3 Rd2  1/2-1/2

[Event "BEL-ch"]
[Site "Liege"]
[Date "1998.??.??"]
[Round "6"]
[White "Vanderwaeren, Serge"]
[Black "Vanderstricht, Geert"]
[Result "1/2-1/2"]
[WhiteElo "2320"]
[BlackElo "2300"]

1.Nf3 d5 2.g3 c6 3.Bg2 Bg4 4.c4 e6 5.O-O Nd7 6.d3 Bxf3 7.Bxf3 dxc4 8.dxc4 Ne5
9.Qb3 Nxf3+ 10.Qxf3 Be7 11.Nc3 Qd4 12.b3 Bf6 13.Bb2 Qd2 14.Rab1 Qc2 15.Ne4 Bxb2
16.Nd6+ Kd7 17.Rbd1 Nf6 18.Qe3 Kc7 19.Rd2 Qc3 20.Nb5+ cxb5 21.Qc5+ Kb8 22.Qd6+ Kc8
23.Qc5+ Kb8 24.Qd6+  1/2-1/2

[Event "PER-ch sf"]
[Site "Lima"]
[Date "1998.??.??"]
[Round "5"]
[White "Miguel, Fernando"]
[Black "Alarcon, Ruy"]
[Result "1-0"]
[WhiteElo "2300"]
[BlackElo "2230"]

1.Nf3 d5 2.g3 Nf6 3.Bg2 g6 4.O-O Bg7 5.d4 O-O 6.c4 c6 7.cxd5 cxd5 8.Nc3 Nc6
9.Ne5 a6 10.Bg5 h6 11.Bxf6 Bxf6 12.Nxd5 Nxe5 13.dxe5 Bxe5 14.Qb3 e6 15.Nb6 Rb8
16.Rfd1 Qf6 17.Rd2 Bd4 18.e3 Bxb6 19.Qxb6 Qe7 20.Rc1 e5 21.Rc7 Qg5 22.Rd6 Qf5
23.e4 Qh5 24.Bf1 Kh8 25.Rd8 Be6 26.Rxf8+ Rxf8 27.Qd6 Kg8 28.Rxb7 Rc8 29.Rb8 Rxb8
30.Qxb8+ Kh7 31.Qd6 Bxa2 32.Qxa6 Bb1 33.Be2 Qg5 34.Qc4 Kg7 35.b4 Qd2 36.b5 Qb2
37.Kg2 Ba2 38.Qd3 Bb1 39.Qc4 Ba2 40.Qd3 Bb1 41.Qe3 f5 42.exf5 gxf5 43.Qa7+ Kg6
44.Qb6+ Kg7 45.Qc7+ Kg6 46.Bh5+  1-0

[Event "Lisbon op"]
[Site "Lisbon"]
[Date "1998.??.??"]
[Round "5"]
[White "Dias, Paulo"]
[Black "Santos, Marco"]
[Result "1-0"]
[WhiteElo "2295"]
[BlackElo "2100"]

1.Nf3 d5 2.g3 Nf6 3.Bg2 c6 4.O-O Bf5 5.b3 Nbd7 6.Bb2 h6 7.d3 e6 8.Nbd2 Bh7
9.Qe1 Bb4 10.a3 Ba5 11.b4 Bc7 12.Nb3 b6 13.e4 Rc8 14.Nfd4 Bb8 15.b5 dxe4
16.Nxc6 Qc7 17.dxe4 e5 18.Rd1 Qb7 19.Qc3 Rc7 20.Qb4 Rxc6 21.bxc6 Qxc6 22.a4 a5
23.Qb5 Qxb5 24.axb5 O-O 25.f3 Rc8 26.Bh3 Rxc2 27.Rf2 Rxf2 28.Kxf2 Nf8 29.Ba3 Bc7
30.Bd6 Bxd6 31.Rxd6 Bxe4 32.Rxf6 Bd5 33.Rxb6 Bxb3 34.Rb8 Bd5 35.b6 a4 36.b7  1-0

[Event "Ljubljana op"]
[Site "Ljubljana"]
[Date "1998.??.??"]
[Round "6"]
[White "Badea, Bela"]
[Black "Scekic, Milos"]
[Result "1-0"]
[WhiteElo "2545"]
[BlackElo "2430"]

1.Nf3 d5 2.g3 c6 3.Bg2 Nf6 4.c4 dxc4 5.a4 g6 6.O-O Bg7 7.Na3 O-O 8.Nxc4 Na6
9.b3 b5 10.Nce5 Bb7 11.Bb2 Nd5 12.e4 Ndc7 13.d4 bxa4 14.Rxa4 c5 15.d5 e6
16.d6 Nb5 17.Qe2 c4 18.Rxc4 Nxd6 19.Rd1 Nc7 20.Nc6 Nxc4 21.Nxd8 Nxb2 22.Nxb7 Nxd1
23.Qxd1 Rab8 24.Na5 Nb5 25.h3 Nc3 26.Qc2 Rfc8 27.Nc4 Rb4 28.e5 Nd5 29.Qa2 Rc7
30.Nfd2 Nb6 31.Nxb6 Rxb6 32.Nc4 Rb5 33.Qa4 Rb8 34.Na5 Rc1+ 35.Kh2 Rb6 36.Nc6 a6
37.Ne7+ Kf8 38.Qa3  1-0

[Event "Ljubljana op"]
[Site "Ljubljana"]
[Date "1998.??.??"]
[Round "7"]
[White "Grasselli, Luka"]
[Black "Furlan, Miha"]
[Result "0-1"]
[WhiteElo "1850"]
[BlackElo "2330"]

1.g3 d5 2.Nf3 c6 3.Bg2 Bg4 4.O-O Nd7 5.d4 e6 6.Bf4 Qb6 7.b3 Ngf6 8.c4 a5
9.Nc3 Be7 10.c5 Qd8 11.a3 b5 12.b4 O-O 13.Ne1 Bf5 14.Nd3 Qc8 15.f3 axb4 16.axb4 Rxa1
17.Qxa1 Bxd3 18.exd3 Qb7 19.Bc1 Ra8 20.Ba3 Ne8 21.Nb1 Bf6 22.f4 Nc7 23.Qc3 Ra4
24.Bf3 Na6 25.Bd1 Ndxc5 26.Bxa4 Nxa4 27.Qc2 Qb6 28.Rc1 Qxd4+ 29.Kh1 Nb8 30.Nd2 Qf2
31.Rf1 Qe2 32.Rc1 h5 33.Nb3 Qf3+ 34.Kg1 Nc3 35.Re1 Na6 36.Qd2 h4 37.Qe3 Qxe3+
38.Rxe3 hxg3 39.hxg3 Na2 40.g4 N2xb4 41.g5 Bd8 42.Bxb4 Nxb4 43.d4 Bc7 44.Rf3 Kh7
45.Kf2 Kg6 46.Ke3 Nc2+ 47.Kd2 Na3 48.Nc5 Nc4+ 49.Kc3 Kf5 50.Nd3 Ke4 51.Rh3 Ba5+
52.Kb3 Ne3 53.Ne5 Nf5 54.Nxc6 Bc7 55.g6 fxg6 56.Rh8 Nxd4+ 57.Nxd4 Kxd4 58.Re8 Bxf4
59.Rxe6 g5 60.Re7 Kd3 61.Rxg7 Bd2 62.Re7 d4 63.Re5 g4 64.Rxb5 g3 65.Rb8 Be3
66.Rg8 Bf2 67.Rg7 Ke2 68.Kc4 d3 69.Kc3 d2  0-1

[Event "SLO-ch"]
[Site "Maribor"]
[Date "1998.??.??"]
[Round "7"]
[White "Mazi, Leon"]
[Black "Sermek, Drazen"]
[Result "0-1"]
[WhiteElo "2420"]
[BlackElo "2510"]

1.Nf3 d5 2.g3 Nc6 3.Bg2 e5 4.d3 g6 5.Na3 Bg7 6.c4 Nge7 7.cxd5 Nxd5 8.Bg5 f6
9.Bd2 Be6 10.Nc4 Qd7 11.a3 O-O 12.O-O Nb6 13.Nxb6 axb6 14.Bc3 Rfd8 15.Rc1 Qf7
16.Nd2 Rd7 17.Re1 f5 18.Qc2 Rad8 19.Nf3 h6 20.b4 b5 21.Qb1 Bd5 22.Nh4 Bxg2
23.Nxg2 g5 24.f3 Qe6 25.Ba1 Nd4 26.Bxd4 exd4 27.Qc2 Ra8 28.Ra1 Ra4 29.h4 Be5
30.Kf2 Qd6 31.f4 gxf4 32.gxf4 Bxf4 33.Rh1 Bg3+ 34.Kf1 Rg7 35.Qb3+ Kh7 36.Rc1 Bf2
37.Rc5 Rxa3 38.Qxa3 Qg3 39.Ne1 Be3  0-1

[Event "FRA-ch (Women)"]
[Site "Meribel"]
[Date "1998.??.??"]
[Round "3"]
[White "Lebel Arias, Julia"]
[Black "Dubois, Martine"]
[Result "1-0"]
[WhiteElo "2105"]
[BlackElo "2030"]

1.Nf3 d5 2.g3 g6 3.Bg2 Bg7 4.O-O e5 5.d3 Ne7 6.c4 dxc4 7.dxc4 Qxd1 8.Rxd1 Nbc6
9.Nc3 Be6 10.Nd5 O-O-O 11.e4 Rd7 12.Be3 h6 13.b4 Bxd5 14.cxd5 Nxb4 15.Bc5 Na6
16.Ba3 Rf8 17.Rac1 Kd8 18.Bf1 f5 19.Bb5 fxe4 20.Nh4 Rd6 21.Bxd6 cxd6 22.Bxa6 bxa6
23.Rb1 g5 24.Ng2 Nc8 25.Rb7 Bf6 26.Rc1 Re8 27.Rb8 Kd7 28.Ne3 Rd8 29.Rc6 h5
30.Nf5 g4 31.Rbxc8 Rxc8 32.Rxd6+ Ke8 33.Rxf6 Rc1+ 34.Kg2 Rc5 35.Rxa6 Rxd5
36.Rxa7  1-0

[Event "FRA-chB"]
[Site "Meribel"]
[Date "1998.??.??"]
[Round "6"]
[White "Claverie, Christophe"]
[Black "Boudre, Jean Pierre"]
[Result "0-1"]
[WhiteElo "2275"]
[BlackElo "2380"]

1.Nf3 d5 2.g3 Bg4 3.Bg2 Nd7 4.O-O e6 5.d3 Bd6 6.Nbd2 Ne7 7.c4 O-O 8.Qc2 c6
9.b3 e5 10.e4 d4 11.a3 a5 12.Bb2 Ng6 13.h3 Be6 14.Rfb1 Qe7 15.Ne1 Rfb8 16.Bc1 b5
17.Bf1 h6 18.Qd1 Ra7 19.cxb5 cxb5 20.a4 bxa4 21.Rxa4 Bb4 22.Nc4 Nc5 23.Ra2 Bxe1
24.Qxe1 a4 25.b4 Nb3 26.Ba3 Qd7 27.h4 f6 28.Be2 Ne7 29.Rab2 Nc8 30.Bd1 Nd6
31.Nxd6 Qxd6 32.Rc2 Qd7 33.Rbb2 Raa8 34.Qe2 Qd6 35.Kh2 Kh7 36.Kg2 Rc8 37.Rxc8 Rxc8
38.Rc2 Rc3 39.Rxc3 dxc3 40.Qc2 Nd4 41.Qxa4 c2 42.Bxc2 Bd7 43.b5 Qe6 44.Bd1 Qh3+
45.Kg1 Bxb5 46.Qb4 Bxd3 47.Qe1 f5 48.f3 Bc2 49.Be2 fxe4 50.Bb2 exf3 51.Bf1 Ne2+  0-1

[Event "Miercurea Ciuc op"]
[Site "Miercurea Ciuc"]
[Date "1998.??.??"]
[Round "3"]
[White "Calotescu, Cristina"]
[Black "Glodeanu, Ion"]
[Result "0-1"]
[WhiteElo "2105"]
[BlackElo "2340"]

1.Nf3 d5 2.g3 Nf6 3.Bg2 c5 4.O-O Nc6 5.d4 e6 6.b3 Be7 7.Bb2 O-O 8.Nbd2 Ne4
9.e3 f5 10.dxc5 Nxc5 11.Qe2 Bf6 12.Bxf6 Qxf6 13.c4 Rd8 14.cxd5 exd5 15.Rfd1 b6
16.Nf1 Ba6 17.Qe1 Rac8 18.Nd4 Ne5 19.Rd2 Ne4 20.Bxe4 dxe4 21.Qd1 Rxd4 22.Rxd4 Nf3+
23.Kg2 Nxd4 24.Qxd4 Qxd4 25.exd4 Bxf1+ 26.Kxf1 Rc2 27.Ke1 Kf7 28.a3 e3 29.fxe3 Rxh2
30.Rc1 Rh1+ 31.Kd2 Rxc1 32.Kxc1 h5 33.Kd2 Ke6 34.Ke2 Kd5 35.Kf3 g5 36.Kf2 Ke4
37.Ke2 f4 38.gxf4 gxf4 39.exf4 Kxf4  0-1

[Event "Montecatini Terme op"]
[Site "Montecatini Terme"]
[Date "1998.??.??"]
[Round "4"]
[White "Jurkovic, Ante"]
[Black "Zelcic, Robert"]
[Result "0-1"]
[WhiteElo "2320"]
[BlackElo "2540"]

1.Nf3 d5 2.g3 Bg4 3.Bg2 Nd7 4.h3 Bxf3 5.Bxf3 Ngf6 6.c4 Ne5 7.Bxd5 Nxd5 8.cxd5 Qxd5
9.O-O O-O-O 10.Nc3 Qd7 11.Kg2 h5 12.Qa4 Nc6 13.d3 e5 14.Be3 Kb8 15.Rac1 f5
16.Rc2 h4 17.g4 f4 18.Bd2 Bc5 19.Ne4 Bb6 20.Rxc6 bxc6 21.Rc1 Rh6 22.Qc4 Qd5
23.Kf3 Kb7 24.a4 a6 25.Qb4 Kc8 26.Qe7 Qg8 27.Rc4 Re6 28.Qb4 Rd5 29.Qa3 Qe8
30.Bc3 Qd7 31.Qb3 Rxd3+ 32.Kg2 Rd1 33.a5 Ba7 34.Qa3 Re8 35.Qa4 f3+ 36.exf3 Qd3
37.Nd2 Qe2  0-1

[Event "Montecatini Terme op"]
[Site "Montecatini Terme"]
[Date "1998.??.??"]
[Round "8"]
[White "Tratar, Marko"]
[Black "Godena, Michele"]
[Result "0-1"]
[WhiteElo "2420"]
[BlackElo "2500"]

1.Nf3 d5 2.g3 c6 3.Bg2 Bg4 4.O-O Nd7 5.d3 e5 6.e4 Bd6 7.Qe2 Ne7 8.Nbd2 f6
9.d4 O-O 10.h3 Bh5 11.exd5 cxd5 12.g4 Bg6 13.dxe5 fxe5 14.c4 d4 15.Nxd4 Nc5
16.Nb5 Bd3 17.Qe3 Bxf1 18.Nxf1 Nc6 19.Bd2 Nd4 20.Nxd6 Qxd6 21.b4 Nce6 22.Qe4 Nf4
23.Bxf4 Rxf4 24.Qxb7 Raf8 25.c5 Qf6 26.Ng3 Rxf2 27.Nh5 Qg5 28.Re1 Rxg2+  0-1

[Event "Montpellier opA"]
[Site "Montpellier"]
[Date "1998.??.??"]
[Round "4"]
[White "Anic, Darko"]
[Black "Mancini, Mario"]
[Result "1-0"]
[WhiteElo "2455"]
[BlackElo "2320"]

1.Nf3 d5 2.g3 Nf6 3.Bg2 c6 4.b3 Bf5 5.Bb2 e6 6.O-O h6 7.d3 Be7 8.Nbd2 O-O
9.e3 a5 10.a4 Na6 11.Ne5 Nd7 12.g4 Bh7 13.Nxd7 Qxd7 14.f4 Nb4 15.Nf3 f6 16.Qe2 c5
17.e4 c4 18.bxc4 dxe4 19.dxe4 Rac8 20.Bd4 Qc7 21.c3 Na6 22.e5 Qxc4 23.Qxc4 Rxc4
24.Nd2 Rc7 25.Nb3 Nc5 26.exf6 gxf6 27.Nxc5 Bxc5 28.Rae1 Bd3 29.Rf3 Bc4 30.Rh3 Bxd4+
31.cxd4 Rd7 32.f5 exf5 33.gxf5 Rxd4 34.Bxb7 Rg4+ 35.Kf2 Kg7 36.Bf3 Rg5 37.Rh4 Bd3
38.Rd4 Bc2 39.Rc1 Bb3 40.Rc5 Kh7 41.h4 Rg7 42.Rxa5 Rc8 43.Ra8 Rc2+ 44.Ke3 Re7+
45.Kf4 Rc5 46.Rb8 Bc2 47.Bd5 Bxf5 48.Kxf5 Re5+ 49.Kxf6 Rexd5 50.Rb7+ Kh8
51.Rxd5 Rxd5 52.Ra7 Rd6+ 53.Ke5 Rg6 54.a5 Rc6 55.Rd7 Rc5+ 56.Rd5 Rc4 57.h5 Ra4
58.Kd6 Kg7 59.Kc6  1-0

[Event "Montpellier opA"]
[Site "Montpellier"]
[Date "1998.??.??"]
[Round "6"]
[White "Rotstein, Arkadij"]
[Black "Boudre, Jean Pierre"]
[Result "1-0"]
[WhiteElo "2485"]
[BlackElo "2380"]

1.Nf3 d5 2.g3 c6 3.Bg2 Nf6 4.O-O Bg4 5.b3 Nbd7 6.Bb2 e6 7.c4 Bd6 8.d4 Qb8
9.Nbd2 O-O 10.Re1 Re8 11.e4 dxe4 12.Nxe4 Nxe4 13.Rxe4 Nf6 14.Re3 Qc7 15.Qe1 Rad8
16.h3 Bxf3 17.Bxf3 Bf8 18.Rd1 Re7 19.Qe2 Red7 20.Red3 Be7 21.Kg2 Ne8 22.d5 exd5
23.cxd5 Bf6 24.dxc6 Rxd3 25.Rxd3 Bxb2 26.Rd7 Qc8 27.Qe7  1-0

[Event "Montpellier opA"]
[Site "Montpellier"]
[Date "1998.??.??"]
[Round "7"]
[White "Anic, Darko"]
[Black "Flear, Glenn C"]
[Result "1-0"]
[WhiteElo "2455"]
[BlackElo "2445"]

1.Nf3 d5 2.g3 Nc6 3.d4 Bg4 4.Bg2 e6 5.c4 dxc4 6.Qa4 Qd7 7.Qxc4 O-O-O 8.e3 e5
9.d5 Nf6 10.Nc3 Bxf3 11.Bxf3 Nb4 12.O-O Qf5 13.Bg2 Qd3 14.Qh4 Be7 15.Rd1 Qa6
16.Qh3+ Kb8 17.Qf5 Rhe8 18.a3 e4 19.Bxe4 Bd6 20.Bg2 Be5 21.Rb1 g6 22.Qg5 h6
23.Qh4 Bxc3 24.bxc3 Nbxd5 25.Bb2 Rd6 26.c4 g5 27.Qxh6 Qxc4 28.Bxf6 Nxf6 29.Rxd6 Ng4
30.Qxg5 cxd6 31.Rxb7+  1-0

[Event "Petrosian mem-J"]
[Site "Moscow"]
[Date "1998.??.??"]
[Round "?"]
[White "Maitesian, Sergei"]
[Black "Kutuzov, Denis"]
[Result "1/2-1/2"]
[WhiteElo "2175"]
[BlackElo "2140"]

1.Nf3 d5 2.g3 Nf6 3.Bg2 c5 4.O-O Nc6 5.d3 e5 6.Nbd2 Be7 7.e4 d4 8.Nc4 Qc7
9.a4 Be6 10.Nfd2 Nd7 11.h3 O-O 12.f4 f6 13.f5 Bf7 14.b3 a6 15.a5 b5 16.axb6 Nxb6
17.g4 a5 18.h4 a4 19.Nxb6  1/2-1/2

[Event "Petrosian mem-J"]
[Site "Moscow"]
[Date "1998.??.??"]
[Round "?"]
[White "Chasovnikova, Eugenia"]
[Black "Dolinskij, Boris"]
[Result "0-1"]
[WhiteElo "2275"]
[BlackElo "2270"]

1.Nf3 d5 2.g3 c5 3.Bg2 g6 4.c4 d4 5.e3 Bg7 6.exd4 cxd4 7.b4 a5 8.b5 Nd7 9.Ba3 d3
10.Nc3 Qc7 11.Rc1 Ngf6 12.O-O Qxc4 13.Re1 O-O 14.Bxe7 Re8 15.Ne4 Qd5 16.Nxf6+ Bxf6
17.Bxf6 Nxf6 18.Rxe8+ Nxe8 19.a4 Bf5 20.Rc3 Be4 21.Ne1 Bxg2 22.Rxd3 Qf5 23.Kxg2 Rc8
24.Qb3 Qe4+ 25.Rf3 Nd6 26.Nd3 Nf5 27.Nb2 Rc1 28.Nd3 Qxf3+ 29.Kxf3 Nd4+ 30.Ke3 Nxb3
31.Nxc1 Nxc1 32.Kd4 Nb3+ 33.Kd5 Kf8 34.Kd6 Ke8 35.Kc7 Nc5 36.Kb6 Nxa4+ 37.Kxa5 Nb2
38.Kb6 Nc4+ 39.Kxb7 Nxd2 40.b6 Nc4 41.Kc7 Na5 42.Kd6 Kd8 43.f4 Nb7+ 44.Kc6 Kc8
45.g4 h6 46.h4 Na5+ 47.Kd6 Kd8 48.Kc5 Kd7 49.Kd5 Nb7 50.h5 gxh5 51.gxh5 Nd6
52.Ke5 Ke7 53.Kd5 f6 54.Kc6 Nc4 55.f5 Nxb6 56.Kxb6 Kd6  0-1

[Event "Goldberg mem"]
[Site "Moscow"]
[Date "1998.??.??"]
[Round "1"]
[White "Nalbandian, Tigran"]
[Black "Kosyrev, Vladimir"]
[Result "1-0"]
[WhiteElo "2440"]
[BlackElo "2405"]

1.Nf3 d5 2.g3 Nf6 3.Bg2 Bf5 4.O-O e6 5.c4 c6 6.b3 Nbd7 7.d3 Bd6 8.Bb2 O-O
9.Nbd2 Qe7 10.Re1 e5 11.Nh4 Bg4 12.h3 Be6 13.a3 a5 14.e4 dxe4 15.dxe4 Nc5
16.Qc2 Rfd8 17.Ndf3 Ncd7 18.Nf5 Bxf5 19.exf5 Ne8 20.c5 Bxc5 21.Nxe5 Qf8 22.Nxd7 Rxd7
23.f6 Nxf6 24.Bxf6 gxf6 25.Re2 Bd4 26.Rae1 Qc5 27.Qe4 Rdd8 28.h4 Kh8 29.Qf4 Rg8
30.Re7 Be5 31.R1xe5 fxe5 32.Qf6+ Rg7 33.Rxf7 Rg8 34.Kh2 b5 35.h5 e4 36.g4 Qd5
37.Rxg7  1-0

[Event "RUS-Cup02"]
[Site "Moscow"]
[Date "1998.??.??"]
[Round "3"]
[White "Yuferov, Sergey  N"]
[Black "Kuznetsova, Elena"]
[Result "1-0"]
[WhiteElo "2390"]
[BlackElo "2215"]

1.Nf3 d5 2.g3 Nf6 3.Bg2 c6 4.O-O Bg4 5.c4 e6 6.Ne5 Bh5 7.d4 Nbd7 8.Nc3 Nxe5
9.dxe5 Ng4 10.cxd5 exd5 11.Bf3 Bc5 12.e3 Qg5 13.Na4 Be7 14.e4 Qxe5 15.Bf4 Qe6
16.exd5 cxd5 17.Re1 Qd7 18.Nc5 Qf5 19.Qa4+ Kf8 20.Nd7+ Kg8 21.Rxe7 Nxh2 22.Bxh5 Qxh5
23.Ne5  1-0

[Event "RUS-Cup02"]
[Site "Moscow"]
[Date "1998.??.??"]
[Round "3"]
[White "Zhelesny, Stanislav"]
[Black "Kochetov, Dmitri A"]
[Result "1/2-1/2"]
[WhiteElo "2290"]
[BlackElo "2065"]

1.Nf3 d5 2.g3 Nc6 3.d4 Bg4 4.Bg2 Qd7 5.h3 Bh5 6.Nbd2 O-O-O 7.c3 f5 8.b4 e6
9.Nb3 Bd6 10.a4 h6 11.b5 Nb8 12.Bf4 Bxf4 13.gxf4 Bxf3 14.Bxf3 Nf6 15.Nc5 Qe7
16.Nd3 g5 17.Ne5 Rhg8 18.Qb3  1/2-1/2

[Event "EU-ch U18"]
[Site "Murek"]
[Date "1998.??.??"]
[Round "6"]
[White "Lopez Martinez, Jose Manuel"]
[Black "Bazant, Petr Jr"]
[Result "1-0"]
[WhiteElo "2350"]
[BlackElo "2145"]

1.Nf3 d5 2.g3 e6 3.Bg2 Nf6 4.O-O Be7 5.c4 Nbd7 6.b3 O-O 7.Bb2 Re8 8.d3 b6
9.Nbd2 Bb7 10.Rc1 c5 11.e3 Bf8 12.Qe2 Qe7 13.cxd5 exd5 14.d4 Rac8 15.Bh3 Rcd8
16.Rc2 Nb8 17.Rfc1 Ba6 18.Qe1 Ne4 19.Nxe4 dxe4 20.Ne5 Qg5 21.Bg2 f6 22.h4 Qf5
23.Nc4 Nc6 24.dxc5 Bxc5 25.a3 Ne5 26.Bxe5 fxe5 27.b4 Bf8 28.Qc3 Rd3 29.Qb2 Bb7
30.Rd2 Bc8 31.Bf1 Kh8 32.Rcd1 Rxd2 33.Rxd2 h6 34.Rd5 Qf7 35.Rxe5 Rd8 36.Rxe4 Rd1
37.Qc2 Ra1 38.Rf4 Qe8 39.Qb2 Re1 40.Qc3 Rd1 41.Rd4 Qh5 42.Rxd1 Qxd1 43.Qd3 Qa1
44.Qd8 Bh3 45.Qxf8+ Kh7 46.Nd2 Qd1 47.Qf3  1-0

[Event "EU-ch U18 Girls"]
[Site "Murek"]
[Date "1998.??.??"]
[Round "8"]
[White "Chasovnikova, Eugenia"]
[Black "Haslinger, Mandy"]
[Result "1/2-1/2"]
[WhiteElo "2260"]
[BlackElo "2065"]

1.Nf3 d5 2.g3 Nf6 3.Bg2 Bf5 4.b3 e6 5.Bb2 Be7 6.O-O O-O 7.d3 c5 8.Ne5 Nc6
9.Nxc6 bxc6 10.c4 Qb6 11.Nc3 Rfd8 12.Na4 Qb4 13.Qc1 Rac8 14.Ba3 Qa5 15.Qe1 Qxe1
16.Rfxe1 Nd7 17.e4 Bg6 18.f4 Bf6 19.e5 Be7 20.d4 Nb6 21.Nb2 dxc4 22.Bxc5 Bxc5
23.dxc5 c3 24.Nd1 Nd5 25.Bxd5 cxd5 26.Nxc3 Rxc5 27.Ne2 d4 28.Rad1 d3 29.Rd2 Rdc8
30.Nd4 Rd5 31.Nf3 Rc2 32.Kf2 Ra5 33.a4 Rac5 34.Ke3 Rd5 35.Nh4 Rc3 36.Nxg6 hxg6
37.Red1 Rxb3 38.Rxd3 Rdxd3+ 39.Rxd3 Rb7 40.Rd8+ Kh7 41.h4 Rb3+ 42.Rd3 Rb7
43.Rd8  1/2-1/2

[Event "CERA Bank op"]
[Site "NED"]
[Date "1998.??.??"]
[Round "?"]
[White "Markowski, Tomasz"]
[Black "Maes, Valeer"]
[Result "1-0"]
[WhiteElo "2505"]
[BlackElo "2215"]

1.g3 d5 2.Nf3 c6 3.Bg2 Nf6 4.O-O Bf5 5.d3 h6 6.c4 e6 7.Be3 Nbd7 8.Qb3 Qc8
9.Nc3 Nc5 10.Bxc5 Bxc5 11.cxd5 exd5 12.e4 dxe4 13.Nxe4 Nxe4 14.dxe4 Be6 15.Qc3 Bf8
16.Rfd1 Rg8 17.Rd2 Be7 18.Rad1 a5 19.a3 a4 20.Nd4 Bf6 21.Qe3 Bxd4 22.Rxd4 Ke7
23.Rd6 Ra5 24.Qc3 Qc7 25.Qb4 c5 26.Qc3 c4 27.Qb4 Rc5 28.e5 Rb8 29.Rc6  1-0

[Event "Nereto op"]
[Site "Nereto"]
[Date "1998.??.??"]
[Round "?"]
[White "Badea, Bela"]
[Black "Tribuiani, Renato"]
[Result "1-0"]
[WhiteElo "2545"]
[BlackElo "2115"]

1.Nf3 d5 2.g3 e6 3.Bg2 Bd6 4.O-O Nd7 5.d3 Ne7 6.Nbd2 O-O 7.e4 c6 8.Qe2 Ng6
9.d4 b6 10.Re1 Bb7 11.e5 Bb8 12.h4 Ne7 13.Nf1 c5 14.c3 a5 15.Bf4 Ba6 16.Qd2 Bxf1
17.Bxf1 c4 18.a4 Re8 19.h5 b5 20.axb5 Nb6 21.Qc2 h6 22.Qd2 a4 23.Be2 Kh7
24.Bd1 Rh8 25.Bc2+ Kg8 26.Kg2 Qd7 27.Rh1 Qxb5 28.g4 Kf8 29.g5 Ng8 30.Bg3 Bc7
31.Qf4 Ke8 32.g6 f5  1-0

[Event "Nereto op"]
[Site "Nereto"]
[Date "1998.??.??"]
[Round "?"]
[White "Jurkovic, Ante"]
[Black "Lazarev, Vladimir"]
[Result "1/2-1/2"]
[WhiteElo "2320"]
[BlackElo "2490"]

1.Nf3 d5 2.g3 Bg4 3.Bg2 Nd7 4.d3 Ngf6 5.O-O c6 6.c4 e6 7.Nbd2 Bd6 8.b3 O-O
9.Bb2 a5 10.a3 Re8 11.h3  1/2-1/2